|
|
|
|
| LEADER |
00000cam a2200000 7i4500 |
| 001 |
0000278786 |
| 005 |
20210430090656.0 |
| 006 |
ao ###gg# ####### |
| 007 |
tt |
| 008 |
210430 xxko g## ##0engm# |
| 020 |
|
|
|a 9781785212659
|
| 040 |
|
|
|a MBPJ
|b eng
|c MBPJ
|e rda
|
| 090 |
0 |
0 |
|a 355.34509
|b STA
|
| 100 |
1 |
|
|a Starns, Penny ,
|e author
|
| 245 |
1 |
0 |
|a COMBAT MEDICINE OPERATIONS MANUAL :
|b From the Korean War to Afghanistan
|c Penny Starns
|
| 264 |
|
1 |
|a Somerset, UK :
|b Haynes Publishing
|c 2019
|
| 264 |
|
4 |
|c ©2019
|
| 300 |
|
|
|a 187 pages :
|b colour photographs ;
|c 28 cm.
|
| 336 |
|
|
|a still image
|2 rdacontent
|
| 336 |
|
|
|a text
|2 rdacontent
|
| 337 |
|
|
|a unmediated
|2 rdamedia
|
| 338 |
|
|
|a volume
|2 rdacarrier
|
| 504 |
|
|
|a Includes bibliographical references and index
|
| 650 |
|
0 |
|a Medicine, Military
|x History
|
| 650 |
|
0 |
|a War
|x Relief of sick and wounded
|x History
|
| 999 |
|
|
|a 00384519
|b BUKU
|c PINJAMAN
|e PERPUSTAKAAN KOMUNITI PETALING JAYA
|